|
|
|
|
| LEADER |
00000nab a2200000 a 4500 |
| 001 |
vtls000766769 |
| 003 |
SK-MaSNL |
| 005 |
20260304021109.0 |
| 008 |
140507c2001 xo 0 slo |
| 015 |
|
|
|a SNBRB2001/09-25270
|
| 035 |
|
|
|a CLN000118556
|
| 040 |
|
|
|a SNKBUCL
|b slo
|c SNKBUCL
|e AACR2
|
| 041 |
0 |
|
|a slo
|
| 044 |
|
|
|a xo
|c SK
|
| 080 |
|
|
|a 82.09:882-3(048)
|2 1997
|
| 080 |
|
|
|a 882-3(048)
|2 1997
|
| 100 |
1 |
|
|a Rákayová, Lucia
|4 aut
|9 481024
|
| 245 |
1 |
0 |
|a Škandalózny vrchnák truhly
|c Lucia Rákayová
|
| 650 |
0 |
7 |
|a ruské romány
|2 snkbucl
|9 297547
|
| 655 |
|
7 |
|a články z novín a časopisov
|2 snkbucl
|9 267496
|
| 655 |
|
7 |
|a recenzie
|2 snkbucl
|9 21907
|
| 773 |
0 |
|
|t Kultúrny život
|g Roč. 2, č. 19 (2001), s. 8
|x 1335-6976
|
| 787 |
0 |
8 |
|i Rec.:
|a Dostojevskij, Fëdor Michajlovič
|t Idiot
|d Bratislava : IKAR, 2001
|z 8071189707
|
| 850 |
|
|
|a Slovenská národná knižnica
|
| 852 |
|
|
|a Slovenská národná knižnica
|
| 958 |
|
|
|a LX
|
| 958 |
|
|
|a RU
|
| 958 |
|
|
|a RC
|
| 992 |
|
|
|a RBX
|
| 999 |
|
|
|c 2603386
|d 2605316
|